Олесь Гончар і Буковина (Запис № 460890)

МАРК-запис
000 -Лідер
fixed length control field 01614 a2200241 4500
003 - Ідентифікатор контрольного номера
control field UA-OsUOA
005 - Дата та час останнього входження (трансакції)
control field 20200807131644.0
008 - Елементи даних фіксованої довжини – загальна інформація
fixed length control field 200807b un ||||| |||| 00| 0 ukr d
020 ## - Міжнародний стандартний книжковий номер (ISBN)
Міжнародний стандартний книжковий номер (ISBN) (НП) 9786176522171
040 ## - Джерело каталогізації
Агенція оригінальної каталогізації UA-OsUOA
Мова каталогізації ukr
Агенція, яка здійснювала перезапис UA-OsUOA
Агенція, яка здійснювала модифікацію UA-OsUOA
041 ## - Код мови
Код мови тексту/ звукової доріжки чи окремого заголовка (П) ukr
080 ## - Індекс Універсальної десяткової класифікації
Індекс Універсальної десяткової класифікації (УДК) (НП) 82.09
090 ## - Локальний шифр розміщення
Класифікаційний індекс УДК 82.09
Авторський знак (НП) М 48
100 ## - Основне введення – ім’я особи
Ім’я особи (НП) Мельничук Б.
245 ## - Відомості про назву
Назва (НП) Олесь Гончар і Буковина
Решта назви (НП) літературно-краєзнавче дослідження
Дані про відповідальність (НП) Богдан Мельничук
260 ## - Публікація, розповсюдження і т.п. (Вихідні дані)
Ім’я/ наймення видавництва, розповсюджувача і т.п. (П) Місто
Дата публікації, розповсюдження і т.п. (П) 2018
Місце публікації, розповсюдження і т.п. (П) Чернівці
300 ## - Фізичний опис
Обсяг 80 с.
Супроводжувальний матеріал іл.
520 ## - Резюме і т.п.
Резюме, реферат, анотація, тощо (НП) У дослідженні "Олесь Гончар і Буковина" йдеться про чотири відвідини великим українцем нашого краю, про його взаємини з діячами Чернівеччини, про осмислення визначної постаті буковинськими авторами, а також про буковинські відлуння в книзі спогадів дружини О. Гончара Валентини Данилівни і в її листах, адресованих до Чернівців, та про відзначення пам'яті великого майстра українського слова у місті над прутом.
650 ## - Додаткове предметне введення – тематичний термін
Джерело заголовка чи терміна UDC
Тематичний термін чи географічна назва, як елемент введення (НП) 82 Література. Літературознавство
942 ## - Додаткові елементи входу (Коха)
Тип елемента Koha Книги
Source of classification or shelving scheme Universal Decimal Classification
955 ## - Код типу видання за змістом
Код типу видання за змістом (НП) Наукові видання
Фонди
Стан вилучень Стан втрат Джерело класифікації або схеми стелажів Стан уражень Не для кредиту Код колекції Постійне місце розташування Поточне розміщення Дата придбання Джерело придбання Вартість, звичайна ціна покупки Усього замовленно Повний номер виклику Штрих-код Дата останнього перегляду Вартість, ціна заміни Ціна ефективна від Тип елемента Koha
    Universal Decimal Classification     Колекція Жулинського М.Г. ЧЗ - Читальна зала ЧЗ - Читальна зала 07/08/2020 №13/24.06.20 25.00   82.09 М 48 162653 06/02/2022 25.00 07/08/2020 Книги